Normal view
MARC view
- HOFF,ANN LEE
Entry Personal Name
001 - CONTROL NUMBER
- control field: 133684
003 - CONTROL NUMBER IDENTIFIER
- control field: NUST
005 - DATE AND TIME OF LATEST TRANSACTION
- control field: 20260312132956.0
008 - FIXED-LENGTH DATA ELEMENTS
- fixed length control field: 260312|| aca||aabn | a|a d
040 ## - CATALOGING SOURCE
- Original cataloging agency: NUST
- Transcribing agency: NUST
100 ## - HEADING--PERSONAL NAME
- Personal name: HOFF,ANN LEE
670 ## - SOURCE DATA FOUND
- Source citation: Work cat.: (NUST): HOFF,ANN LEE., PEOPLE IN CRISIS /
